| 000 -LEADER |
| fixed length control field |
00872nam a22001817a 4500 |
| 005 - DATE AND TIME OF LATEST TRANSACTION |
| control field |
20231016170204.0 |
| 008 - FIXED-LENGTH DATA ELEMENTS--GENERAL INFORMATION |
| fixed length control field |
231016s1979 ru ||||| |||| 00| 0 rus d |
| 041 ## - LANGUAGE CODE |
| Language code of text/sound track or separate title |
rus |
| 080 ## - UNIVERSAL DECIMAL CLASSIFICATION NUMBER |
| Universal Decimal Classification number |
Редер, Д. Г. |
| 100 ## - MAIN ENTRY--PERSONAL NAME |
| Personal name |
Редер Д. Г. |
| 9 (RLIN) |
20100 |
| 245 ## - TITLE STATEMENT |
| Title |
История древнего мира : |
| Remainder of title |
Часть 1. Первобытное общество и Древний Восток / |
| Statement of responsibility, etc. |
Д. Г. Редер, Е. А. Черкасова. |
| 264 ## - PRODUCTION, PUBLICATION, DISTRIBUTION, MANUFACTURE, AND COPYRIGHT NOTICE |
| Place of production, publication, distribution, manufacture |
Москва: |
| Name of producer, publisher, distributor, manufacturer |
Просвещение, |
| Date of production, publication, distribution, manufacture, or copyright notice |
1988. |
| 300 ## - PHYSICAL DESCRIPTION |
| Extent |
288 с. : |
| Other physical details |
ил.; |
| Dimensions |
22 см. |
| 653 ## - INDEX TERM--UNCONTROLLED |
| keyword |
უძველესი მსოფლიო ისტორია |
| 653 ## - INDEX TERM--UNCONTROLLED |
| keyword |
პირველყოფილი საზოგადოება და ძველი აღმოსავლეთი |
| 700 ## - ADDED ENTRY--PERSONAL NAME |
| Personal name |
Черкасова, Е. А. |
| Relator term |
რედაქტორი |
| 9 (RLIN) |
20101 |
| 942 ## - ADDED ENTRY ELEMENTS (KOHA) |
| Source of classification or shelving scheme |
|
| Koha item type |
წიგნი |